[Event "Blitz 2018"]
[Site "Saint-Petersburg"]
[Date "2018.12.30"]
[Round "13"]
[Board "9"]
[White "Matlakov Maxim (RUS)"]
[Black "Le Quang Liem (VIE)"]
[Result "1-0"]
[LiveChessVersion "1.4.8"]
[BlackElo "2749"]
[WhiteElo "2653"]

1. e4 {[%clk 0:03:03]} c6 {[%clk 0:03:03]} 2. d4 {[%clk 0:03:04]} d5
{[%clk 0:03:04]} 3. e5 {[%clk 0:03:05]} Bf5 {[%clk 0:03:05]} 4. Bd3
{[%clk 0:03:06]} Bxd3 {[%clk 0:03:06]} 5. Qxd3 {[%clk 0:03:07]} e6
{[%clk 0:03:07]} 6. Ne2 {[%clk 0:03:08]} c5 {[%clk 0:03:07]} 7. c3
{[%clk 0:03:09]} Nc6 {[%clk 0:03:07]} 8. O-O {[%clk 0:03:08]} Rc8
{[%clk 0:03:03]} 9. Nd2 {[%clk 0:03:08]} Nh6 {[%clk 0:02:50]} 10. Nf3
{[%clk 0:03:08]} Nf5 {[%clk 0:02:50]} 11. Bd2 {[%clk 0:02:53]} Be7
{[%clk 0:02:26]} 12. g4 {[%clk 0:02:54]} Nh4 {[%clk 0:02:23]} 13. Nxh4
{[%clk 0:02:54]} Bxh4 {[%clk 0:02:24]} 14. f4 {[%clk 0:02:55]} Be7
{[%clk 0:02:17]} 15. f5 {[%clk 0:02:54]} Qb6 {[%clk 0:02:13]} 16. fxe6
{[%clk 0:02:10]} fxe6 {[%clk 0:02:14]} 17. Nf4 {[%clk 0:02:06]} cxd4
{[%clk 0:01:59]} 18. Nxe6 {[%clk 0:02:06]} Nxe5 {[%clk 0:01:57]} 19. Qf5
{[%clk 0:01:31]} dxc3+ {[%clk 0:01:43]} 20. Kh1 {[%clk 0:01:33]} cxd2
{[%clk 0:01:31]} 21. Qxe5 {[%clk 0:01:16]} Qd6 {[%clk 0:00:59]} 22. Nxg7+
{[%clk 0:00:57]} Kd7 {[%clk 0:00:55]} 23. Qd4 {[%clk 0:00:58]} Rc4
{[%clk 0:00:46]} 24. Qxd2 {[%clk 0:00:54]} d4 {[%clk 0:00:40]} 25. Nf5
{[%clk 0:00:39]} Qd5+ {[%clk 0:00:40]} 26. Qg2 {[%clk 0:00:25]} Qxg2+
{[%clk 0:00:38]} 27. Kxg2 {[%clk 0:00:26]} Bf6 {[%clk 0:00:21]} 28. Rad1
{[%clk 0:00:26]} Re8 {[%clk 0:00:17]} 29. Rf2 {[%clk 0:00:27]} Kc7
{[%clk 0:00:06]} 30. h4 {[%clk 0:00:28]} d3 {[%clk 0:00:06]} 31. g5
{[%clk 0:00:28]} Bd4 {[%clk 0:00:05]} 32. Rfd2 {[%clk 0:00:21]} Re5
{[%clk 0:00:06]} 33. Rxd3 {[%clk 0:00:17]} Rxf5 34. Rxd4 Rf4 {[%clk 0:00:05]} 35.
Rxf4 {[%clk 0:00:17]} Rxf4 {[%clk 0:00:06]} 36. Kg3 {[%clk 0:00:18]} Rb4
{[%clk 0:00:07]} 37. b3 {[%clk 0:00:19]} a5 {[%clk 0:00:08]} 38. Rf1
{[%clk 0:00:20]} a4 {[%clk 0:00:07]} 39. Rf7+ {[%clk 0:00:21]} Kc6
{[%clk 0:00:08]} 40. bxa4 {[%clk 0:00:21]} Rxa4 {[%clk 0:00:10]} 41. Rxh7
{[%clk 0:00:22]} Ra3+ {[%clk 0:00:11]} 42. Kg4 {[%clk 0:00:23]} Rxa2
{[%clk 0:00:12]} 43. g6 {[%clk 0:00:24]} b5 {[%clk 0:00:12]} 44. Rh8
{[%clk 0:00:23]} b4 {[%clk 0:00:13]} 45. Rb8 {[%clk 0:00:23]} Rg2+
{[%clk 0:00:11]} 46. Kf5 {[%clk 0:00:24]} Rf2+ {[%clk 0:00:10]} 47. Kg5
{[%clk 0:00:25]} Rg2+ {[%clk 0:00:11]} 48. Kh6 {[%clk 0:00:25]} 1-0

[Event "Blitz 2018"]
[Site "Saint-Petersburg"]
[Date "2018.12.30"]
[Round "13"]
[Board "10"]
[White "Cheparinov Ivan (GEO)"]
[Black "Gelfand Boris (ISR)"]
[Result "1/2-1/2"]
[LiveChessVersion "1.4.8"]
[BlackElo "2722"]
[WhiteElo "2618"]

1. Nf3 {[%clk 0:03:01]} d5 {[%clk 0:03:04]} 2. d4 {[%clk 0:03:02]} Nf6
{[%clk 0:03:05]} 3. c4 {[%clk 0:03:02]} e6 {[%clk 0:03:06]} 4. g3
{[%clk 0:03:02]} Bb4+ {[%clk 0:03:08]} 5. Nc3 {[%clk 0:03:02]} dxc4
{[%clk 0:03:00]} 6. Bg2 {[%clk 0:03:03]} O-O {[%clk 0:03:01]} 7. O-O
{[%clk 0:03:03]} Nc6 {[%clk 0:03:01]} 8. Qa4 {[%clk 0:03:03]} Nd5
{[%clk 0:02:51]} 9. Qc2 {[%clk 0:03:03]} Be7 {[%clk 0:02:51]} 10. Rd1
{[%clk 0:03:04]} Ncb4 {[%clk 0:02:52]} 11. Qd2 {[%clk 0:02:53]} c5
{[%clk 0:02:49]} 12. dxc5 {[%clk 0:02:45]} Nxc3 {[%clk 0:02:48]} 13. bxc3
{[%clk 0:02:41]} Nc6 {[%clk 0:02:34]} 14. Qc2 {[%clk 0:02:23]} Qa5
{[%clk 0:02:13]} 15. Ng5 {[%clk 0:02:17]} Bxg5 {[%clk 0:02:07]} 16. Bxg5
{[%clk 0:02:18]} Qxc5 {[%clk 0:02:08]} 17. Be3 {[%clk 0:02:07]} Qa5
{[%clk 0:02:05]} 18. Rd6 {[%clk 0:01:40]} Ne7 {[%clk 0:01:57]} 19. Rd2
{[%clk 0:01:20]} Nd5 {[%clk 0:01:46]} 20. Bd4 {[%clk 0:01:14]} e5
{[%clk 0:01:27]} 21. Bxe5 {[%clk 0:00:55]} Ne3 {[%clk 0:01:28]} 22. Qe4
{[%clk 0:00:55]} Nxg2 {[%clk 0:01:29]} 23. Rd5 {[%clk 0:00:47]} Qa6
{[%clk 0:01:09]} 24. Bd6 {[%clk 0:00:43]} Be6 {[%clk 0:00:46]} 25. Bxf8
{[%clk 0:00:37]} Bxd5 {[%clk 0:00:41]} 26. Qxd5 {[%clk 0:00:38]} Ne3
{[%clk 0:00:37]} 27. Qe5 {[%clk 0:00:37]} Rxf8 {[%clk 0:00:36]} 28. Qxe3
{[%clk 0:00:38]} Qa4 {[%clk 0:00:32]} 29. Qd2 {[%clk 0:00:28]} h6
{[%clk 0:00:30]} 30. Rd1 {[%clk 0:00:25]} Re8 {[%clk 0:00:32]} 31. Kg2
{[%clk 0:00:24]} Kh7 {[%clk 0:00:20]} 32. f3 {[%clk 0:00:22]} Re6
{[%clk 0:00:19]} 33. Rb1 {[%clk 0:00:21]} Qc6 {[%clk 0:00:15]} 34. Qc2+
{[%clk 0:00:21]} Kg8 {[%clk 0:00:14]} 35. Rd1 {[%clk 0:00:22]} Rd6
{[%clk 0:00:16]} 36. Rxd6 {[%clk 0:00:19]} Qxd6 {[%clk 0:00:17]} 37. Qa4
{[%clk 0:00:20]} Qe6 {[%clk 0:00:16]} 38. Kf2 {[%clk 0:00:18]} a6
{[%clk 0:00:17]} 39. Qa5 {[%clk 0:00:17]} Qd6 {[%clk 0:00:16]} 40. Qf5
{[%clk 0:00:15]} b5 {[%clk 0:00:14]} 41. Qc8+ {[%clk 0:00:16]} Kh7
{[%clk 0:00:15]} 42. Qf5+ {[%clk 0:00:17]} Kg8 {[%clk 0:00:16]} 43. Qc8+
{[%clk 0:00:16]} Kh7 {[%clk 0:00:18]} 44. Qf5+ {[%clk 0:00:16]} 1/2-1/2

[Event "Blitz 2018"]
[Site "Saint-Petersburg"]
[Date "2018.12.30"]
[Round "13"]
[Board "11"]
[White "Smirin Ilia (ISR)"]
[Black "Jobava Baadur (GEO)"]
[Result "0-1"]
[LiveChessVersion "1.4.8"]
[BlackElo "2705"]
[WhiteElo "2582"]

1. e4 {[%clk 0:03:03]} c6 {[%clk 0:03:03]} 2. d4 {[%clk 0:03:04]} d5
{[%clk 0:03:04]} 3. exd5 {[%clk 0:03:05]} cxd5 {[%clk 0:03:05]} 4. Nf3
{[%clk 0:03:05]} Nc6 {[%clk 0:03:06]} 5. Ne5 {[%clk 0:03:06]} e6 {[%clk 0:03:06]}
6. Bb5 {[%clk 0:03:05]} Bd7 {[%clk 0:03:07]} 7. Nxd7 {[%clk 0:03:04]} Qxd7
{[%clk 0:03:09]} 8. c3 {[%clk 0:03:04]} Bd6 {[%clk 0:03:09]} 9. Nd2
{[%clk 0:03:03]} Nge7 {[%clk 0:03:11]} 10. O-O O-O 11. f4 {[%clk 0:02:53]} Qc7
{[%clk 0:02:53]} 12. g3 {[%clk 0:02:50]} Nf5 {[%clk 0:02:41]} 13. Nf3
{[%clk 0:02:49]} Be7 {[%clk 0:02:42]} 14. Bd3 {[%clk 0:02:43]} Nd6
{[%clk 0:02:44]} 15. Qe2 {[%clk 0:02:41]} Rae8 {[%clk 0:02:39]} 16. Ne5
{[%clk 0:02:35]} Bd8 {[%clk 0:02:35]} 17. Bd2 {[%clk 0:02:24]} f5
{[%clk 0:02:32]} 18. Rae1 {[%clk 0:02:07]} Bf6 {[%clk 0:02:31]} 19. Kg2
{[%clk 0:02:04]} Ne4 {[%clk 0:02:30]} 20. Bxe4 {[%clk 0:02:02]} dxe4
{[%clk 0:02:21]} 21. Be3 {[%clk 0:02:01]} Rc8 {[%clk 0:02:06]} 22. Rc1
{[%clk 0:01:52]} Rfd8 {[%clk 0:02:06]} 23. Rfd1 {[%clk 0:01:50]} Qa5
{[%clk 0:01:45]} 24. a3 {[%clk 0:01:35]} Qa4 {[%clk 0:01:42]} 25. c4
{[%clk 0:01:28]} h6 {[%clk 0:01:42]} 26. h4 {[%clk 0:01:25]} Kh7 {[%clk 0:01:43]}
27. Qh5 {[%clk 0:01:14]} Bxe5 {[%clk 0:01:26]} 28. fxe5 {[%clk 0:01:13]} Na5
{[%clk 0:01:22]} 29. Bxh6 {[%clk 0:01:07]} Qe8 {[%clk 0:01:19]} 30. Qxe8 Rxe8 31.
Bf4 {[%clk 0:00:53]} Nxc4 {[%clk 0:01:22]} 32. Kh3 {[%clk 0:00:34]} Nxb2
{[%clk 0:01:16]} 33. Rxc8 {[%clk 0:00:34]} Rxc8 {[%clk 0:01:18]} 34. Rb1
{[%clk 0:00:34]} Rc2 {[%clk 0:01:19]} 35. d5 {[%clk 0:00:34]} exd5
{[%clk 0:01:19]} 36. e6 {[%clk 0:00:35]} Kg8 {[%clk 0:00:59]} 37. Be5
{[%clk 0:00:30]} Nd3 {[%clk 0:00:57]} 38. Rxb7 {[%clk 0:00:31]} Nxe5
{[%clk 0:00:36]} 39. Rb8+ {[%clk 0:00:31]} Kh7 {[%clk 0:00:37]} 40. e7
{[%clk 0:00:32]} Ng4 {[%clk 0:00:38]} 41. Rh8+ {[%clk 0:00:32]} Nh6
{[%clk 0:00:42]} 42. e8=Q# {[%clk 0:00:31]} Rf2 {[%clk 0:00:38]} 43. Qd8+
{[%clk 0:00:15]} d4 {[%clk 0:00:35]} 44. h5# {[%clk 0:00:14]} d3 {[%clk 0:00:32]}
45. Qe7+ {[%clk 0:00:14]} d2 46. Qxa7+ {[%clk 0:00:14]} d1=Q {[%clk 0:00:29]} 47.
Qb6+ Kxh8 {[%clk 0:00:30]} 48. Qg6 {[%clk 0:00:15]} Ng8 {[%clk 0:00:32]} 49. Qe8
{[%clk 0:00:16]} Qh1# 50. h6 0-1

[Event "Blitz 2018"]
[Site "Saint-Petersburg"]
[Date "2018.12.30"]
[Round "13"]
[Board "12"]
[White "Adly Ahmed (EGY)"]
[Black "Golubov Saveliy (RUS)"]
[Result "1/2-1/2"]
[LiveChessVersion "1.4.8"]
[BlackElo "2574"]
[WhiteElo "2675"]

1. Nf3 {[%clk 0:03:03]} Nf6 {[%clk 0:03:03]} 2. g3 {[%clk 0:03:01]} d5
{[%clk 0:03:02]} 3. Bg2 {[%clk 0:03:02]} g6 {[%clk 0:03:02]} 4. O-O
{[%clk 0:03:00]} Bg7 {[%clk 0:03:03]} 5. c4 {[%clk 0:03:00]} c6 {[%clk 0:03:02]}
6. cxd5 {[%clk 0:02:59]} cxd5 {[%clk 0:03:03]} 7. d4 {[%clk 0:03:01]} O-O
{[%clk 0:03:01]} 8. Nc3 {[%clk 0:03:02]} Nc6 {[%clk 0:02:57]} 9. Ne5
{[%clk 0:03:02]} Nd7 {[%clk 0:02:52]} 10. Nxd5 {[%clk 0:02:52]} Ncxe5
{[%clk 0:01:57]} 11. dxe5 {[%clk 0:02:52]} Nxe5 {[%clk 0:01:58]} 12. Bg5
{[%clk 0:02:49]} Nc6 {[%clk 0:01:53]} 13. Rc1 {[%clk 0:02:50]} Be6
{[%clk 0:01:44]} 14. Nxe7+ {[%clk 0:02:18]} Nxe7 {[%clk 0:01:44]} 15. Qxd8
{[%clk 0:02:17]} Rfxd8 {[%clk 0:01:45]} 16. Bxe7 {[%clk 0:02:17]} Rd2
{[%clk 0:01:24]} 17. Bxb7 {[%clk 0:02:16]} Re8 {[%clk 0:01:25]} 18. Bc5
{[%clk 0:02:03]} Rxb2 {[%clk 0:01:20]} 19. Bc6 {[%clk 0:02:02]} Rc8
{[%clk 0:01:20]} 20. Bxa7 {[%clk 0:01:58]} Rxa2 {[%clk 0:01:18]} 21. Be3
{[%clk 0:01:57]} Rxe2 {[%clk 0:01:16]} 22. Bf3 {[%clk 0:01:51]} Rec2
{[%clk 0:01:16]} 23. Rxc2 {[%clk 0:01:46]} Rxc2 {[%clk 0:01:17]} 24. h4
{[%clk 0:01:47]} h5 {[%clk 0:01:18]} 25. Rd1 {[%clk 0:01:46]} Bf6
{[%clk 0:01:05]} 26. Rd6 {[%clk 0:01:42]} Kg7 {[%clk 0:00:56]} 27. Kg2
{[%clk 0:01:39]} Rc7 {[%clk 0:00:55]} 28. Ra6 {[%clk 0:01:38]} Rd7
{[%clk 0:00:52]} 29. Ra8 {[%clk 0:01:31]} Bd5 {[%clk 0:00:42]} 30. Rc8
{[%clk 0:01:28]} Bxf3+ {[%clk 0:00:37]} 31. Kxf3 {[%clk 0:01:29]} Bd4
{[%clk 0:00:30]} 32. Bf4 {[%clk 0:01:29]} Bf6 {[%clk 0:00:24]} 33. Rc6
{[%clk 0:01:27]} Rb7 {[%clk 0:00:20]} 34. Be3 {[%clk 0:01:26]} Rd7
{[%clk 0:00:18]} 35. Ke4 {[%clk 0:01:26]} Re7+ {[%clk 0:00:16]} 36. Kd5
{[%clk 0:01:26]} Rd7+ {[%clk 0:00:17]} 37. Kc4 {[%clk 0:01:26]} Be5
{[%clk 0:00:13]} 38. Ra6 {[%clk 0:01:23]} Bf6 {[%clk 0:00:10]} 39. Ra8
{[%clk 0:01:22]} Be5 {[%clk 0:00:09]} 40. Bc5 {[%clk 0:01:22]} f5
{[%clk 0:00:06]} 41. Ra6 {[%clk 0:01:21]} Bf6 {[%clk 0:00:07]} 42. Be3
{[%clk 0:01:22]} Kf7 {[%clk 0:00:08]} 43. Kc5 {[%clk 0:01:20]} Be5
{[%clk 0:00:08]} 44. Rc6 {[%clk 0:01:20]} Rc7 {[%clk 0:00:08]} 45. Rxc7+ Bxc7 46.
Kd5 {[%clk 0:01:21]} Ba5 {[%clk 0:00:09]} 47. Ke5 {[%clk 0:01:17]} Bc7+
{[%clk 0:00:11]} 48. Kd5 {[%clk 0:01:19]} Ba5 {[%clk 0:00:12]} 49. Bd4
{[%clk 0:01:18]} Be1 {[%clk 0:00:10]} 50. Ke5 {[%clk 0:01:18]} Bd2
{[%clk 0:00:09]} 51. Bc5 {[%clk 0:01:18]} Bc3+ {[%clk 0:00:10]} 52. Kf4
{[%clk 0:01:19]} Be1 {[%clk 0:00:10]} 53. Kf3 {[%clk 0:01:18]} Bc3
{[%clk 0:00:11]} 54. Be3 {[%clk 0:01:18]} Be5 {[%clk 0:00:12]} 55. Bd2
{[%clk 0:01:17]} Bd4 {[%clk 0:00:13]} 56. Bf4 {[%clk 0:01:18]} Bc5
{[%clk 0:00:14]} 57. Bg5 {[%clk 0:01:19]} 1/2-1/2

[Event "Blitz 2018"]
[Site "Saint-Petersburg"]
[Date "2018.12.30"]
[Round "13"]
[Board "13"]
[White "Dreev Aleksey (RUS)"]
[Black "Kovalev Vladislav (BLR)"]
[Result "1-0"]
[LiveChessVersion "1.4.8"]
[BlackElo "2553"]
[WhiteElo "2675"]

1. d4 {[%clk 0:03:03]} Nf6 {[%clk 0:03:04]} 2. Nf3 {[%clk 0:03:04]} e6
{[%clk 0:03:04]} 3. c4 {[%clk 0:03:04]} Bb4+ {[%clk 0:03:04]} 4. Bd2
{[%clk 0:03:03]} Bxd2+ {[%clk 0:02:58]} 5. Qxd2 {[%clk 0:03:04]} O-O
{[%clk 0:02:59]} 6. Nc3 {[%clk 0:03:04]} d6 {[%clk 0:02:52]} 7. g3
{[%clk 0:03:00]} Nc6 {[%clk 0:02:53]} 8. Bg2 {[%clk 0:03:00]} e5 {[%clk 0:02:49]}
9. O-O {[%clk 0:02:58]} Bg4 {[%clk 0:02:49]} 10. dxe5 {[%clk 0:02:51]} Nxe5
{[%clk 0:01:52]} 11. Nxe5 {[%clk 0:02:38]} dxe5 {[%clk 0:01:53]} 12. Rfd1
{[%clk 0:02:10]} c6 {[%clk 0:01:34]} 13. Qe3 {[%clk 0:01:26]} Qc7
{[%clk 0:01:06]} 14. b3 {[%clk 0:01:23]} h6 {[%clk 0:00:54]} 15. Rd2
{[%clk 0:01:23]} Be6 {[%clk 0:00:46]} 16. h3 {[%clk 0:01:23]} Qa5
{[%clk 0:00:27]} 17. Rad1 Rac8 18. c5 {[%clk 0:01:07]} Rfe8 {[%clk 0:00:22]} 19.
Rd6 {[%clk 0:01:04]} Qb4 {[%clk 0:00:15]} 20. Kh2 {[%clk 0:00:46]} Rc7
{[%clk 0:00:11]} 21. Rd8 Rc8 22. R8d6 {[%clk 0:00:35]} Rc7 {[%clk 0:00:14]} 23.
R1d2 {[%clk 0:00:36]} Rce7 {[%clk 0:00:11]} 24. Rd8 {[%clk 0:00:28]} Nd7
{[%clk 0:00:07]} 25. Rxe8+ {[%clk 0:00:28]} Rxe8 {[%clk 0:00:09]} 26. Ne4
{[%clk 0:00:30]} Re7 {[%clk 0:00:07]} 27. g4 {[%clk 0:00:28]} Bd5
{[%clk 0:00:06]} 28. Nd6 {[%clk 0:00:23]} Bxg2 {[%clk 0:00:03]} 29. Nf5
{[%clk 0:00:24]} Re6 {[%clk 0:00:03]} 30. Rxd7 {[%clk 0:00:24]} Bd5
{[%clk 0:00:03]} 31. Ne7+ {[%clk 0:00:24]} Kf8 {[%clk 0:00:03]} 32. Nxd5
{[%clk 0:00:24]} cxd5 {[%clk 0:00:04]} 33. Rxd5 {[%clk 0:00:25]} Qf4+
{[%clk 0:00:04]} 34. Kg2 {[%clk 0:00:23]} Qxe3 {[%clk 0:00:05]} 35. fxe3
{[%clk 0:00:25]} f6 {[%clk 0:00:06]} 36. Kf3 {[%clk 0:00:25]} Ke7
{[%clk 0:00:07]} 37. Ke4 {[%clk 0:00:27]} g6 {[%clk 0:00:04]} 38. Rd2
{[%clk 0:00:26]} Rc6 {[%clk 0:00:04]} 39. Kd5 {[%clk 0:00:26]} Rc7
{[%clk 0:00:06]} 40. Kc4 {[%clk 0:00:26]} b6 {[%clk 0:00:04]} 41. b4
{[%clk 0:00:28]} a5 {[%clk 0:00:05]} 42. Kb5 {[%clk 0:00:25]} bxc5
{[%clk 0:00:04]} 43. bxc5 {[%clk 0:00:26]} f5 {[%clk 0:00:05]} 44. gxf5
{[%clk 0:00:27]} gxf5 {[%clk 0:00:06]} 45. Kb6 {[%clk 0:00:28]} Rc8
{[%clk 0:00:07]} 46. c6 Rb8+ 47. Ka7 {[%clk 0:00:22]} Rb4 {[%clk 0:00:10]} 48. c7
{[%clk 0:00:23]} Rc4 {[%clk 0:00:11]} 49. Kb8 Rb4+ 50. Kc8 {[%clk 0:00:25]} Rb5
{[%clk 0:00:06]} 51. Rd7+ {[%clk 0:00:25]} Ke8 {[%clk 0:00:05]} 52. Rd8+
{[%clk 0:00:25]} Ke7 {[%clk 0:00:07]} 53. Rd7+ {[%clk 0:00:24]} Ke8
{[%clk 0:00:08]} 54. Rh7 {[%clk 0:00:25]} Rb6 {[%clk 0:00:05]} 55. a4
{[%clk 0:00:24]} f4 {[%clk 0:00:04]} 56. exf4 {[%clk 0:00:22]} exf4
{[%clk 0:00:05]} 57. h4 {[%clk 0:00:21]} Rb2 {[%clk 0:00:04]} 58. Rxh6
{[%clk 0:00:22]} Rxe2 {[%clk 0:00:05]} 59. Kb7 {[%clk 0:00:23]} Rb2+
{[%clk 0:00:04]} 60. Rb6 {[%clk 0:00:24]} 1-0

[Event "Blitz 2018"]
[Site "Saint-Petersburg"]
[Date "2018.12.30"]
[Round "13"]
[Board "14"]
[White "Anand Viswanathan (IND)"]
[Black "Tsydypov Zhamsaran (RUS)"]
[Result "0-1"]
[LiveChessVersion "1.4.8"]
[BlackElo "2573"]
[WhiteElo "2832"]

1. e4 {[%clk 0:03:03]} c5 {[%clk 0:03:01]} 2. Nf3 {[%clk 0:03:03]} d6
{[%clk 0:03:01]} 3. d4 {[%clk 0:03:03]} cxd4 {[%clk 0:03:02]} 4. Nxd4
{[%clk 0:03:04]} Nf6 {[%clk 0:03:02]} 5. Nc3 {[%clk 0:03:04]} a6 {[%clk 0:03:03]}
6. Be3 {[%clk 0:03:03]} e6 {[%clk 0:03:02]} 7. a4 {[%clk 0:02:57]} Qc7
{[%clk 0:02:50]} 8. a5 {[%clk 0:02:56]} Be7 {[%clk 0:02:19]} 9. Bd3
{[%clk 0:02:35]} Nbd7 {[%clk 0:02:11]} 10. O-O {[%clk 0:02:33]} O-O
{[%clk 0:01:52]} 11. Nb3 {[%clk 0:02:32]} Ne5 {[%clk 0:01:34]} 12. f4
{[%clk 0:02:27]} Nc4 {[%clk 0:01:23]} 13. Bxc4 {[%clk 0:02:00]} Qxc4
{[%clk 0:01:24]} 14. Ra4 {[%clk 0:01:57]} Qc6 {[%clk 0:01:21]} 15. Qe2
{[%clk 0:01:42]} Qe8 {[%clk 0:01:07]} 16. Raa1 {[%clk 0:01:08]} Bd7
{[%clk 0:01:03]} 17. Bd4 {[%clk 0:01:07]} Rc8 {[%clk 0:01:02]} 18. Rf3
{[%clk 0:01:06]} e5 {[%clk 0:00:57]} 19. fxe5 {[%clk 0:01:04]} dxe5
{[%clk 0:00:58]} 20. Bxe5 {[%clk 0:01:04]} Bg4 {[%clk 0:00:59]} 21. Bd4
{[%clk 0:01:04]} Bxf3 {[%clk 0:00:55]} 22. Qxf3 {[%clk 0:01:05]} Qc6
{[%clk 0:00:51]} 23. e5 {[%clk 0:00:52]} Nd7 {[%clk 0:00:34]} 24. Nd5
{[%clk 0:00:40]} Bd8 {[%clk 0:00:32]} 25. c3 {[%clk 0:00:29]} Qb5
{[%clk 0:00:30]} 26. Ra3 {[%clk 0:00:14]} Re8 {[%clk 0:00:26]} 27. Qe4
{[%clk 0:00:10]} Nf6 {[%clk 0:00:16]} 28. Nxf6+ {[%clk 0:00:10]} Bxf6
{[%clk 0:00:17]} 0-1

[Event "Blitz 2018"]
[Site "Saint-Petersburg"]
[Date "2018.12.30"]
[Round "13"]
[Board "16"]
[White "Demchenko Anton (RUS)"]
[Black "Jones Gawain C B (ENG)"]
[Result "0-1"]
[LiveChessVersion "1.4.8"]
[BlackElo "2722"]
[WhiteElo "2572"]

1. e4 {[%clk 0:03:03]} c5 {[%clk 0:03:03]} 2. Nc3 {[%clk 0:03:03]} d6
{[%clk 0:03:04]} 3. Nge2 {[%clk 0:03:02]} Nf6 {[%clk 0:03:04]} 4. g3
{[%clk 0:03:03]} g6 {[%clk 0:03:04]} 5. Bg2 {[%clk 0:03:05]} Bg7 {[%clk 0:03:04]}
6. d3 {[%clk 0:03:06]} Nc6 {[%clk 0:03:04]} 7. h3 {[%clk 0:03:07]} Rb8
{[%clk 0:03:04]} 8. O-O {[%clk 0:02:45]} O-O {[%clk 0:02:50]} 9. f4
{[%clk 0:02:42]} Bd7 {[%clk 0:02:33]} 10. Be3 {[%clk 0:02:36]} b5
{[%clk 0:02:32]} 11. a3 {[%clk 0:02:36]} a5 {[%clk 0:02:33]} 12. a4
{[%clk 0:02:33]} b4 {[%clk 0:02:31]} 13. Nb5 {[%clk 0:02:34]} Ne8
{[%clk 0:02:11]} 14. Rb1 {[%clk 0:02:36]} Nc7 {[%clk 0:02:10]} 15. c4
{[%clk 0:02:37]} Nxb5 {[%clk 0:01:41]} 16. axb5 {[%clk 0:02:29]} Nd4
{[%clk 0:01:42]} 17. Nxd4 {[%clk 0:02:25]} cxd4 {[%clk 0:01:43]} 18. Bd2
{[%clk 0:02:23]} e5 {[%clk 0:01:40]} 19. f5 {[%clk 0:02:16]} Bf6 {[%clk 0:01:15]}
20. h4 {[%clk 0:02:17]} Kh8 {[%clk 0:01:10]} 21. Qf3 {[%clk 0:02:09]} gxf5
{[%clk 0:01:08]} 22. exf5 {[%clk 0:01:54]} Rg8 {[%clk 0:01:09]} 23. Ra1
{[%clk 0:01:19]} Bc8 {[%clk 0:01:03]} 24. Qf2 {[%clk 0:01:14]} Bb7
{[%clk 0:00:59]} 25. Bxb7 {[%clk 0:01:10]} Rxb7 {[%clk 0:00:52]} 26. Kh2
{[%clk 0:01:10]} d5 {[%clk 0:00:49]} 27. cxd5 {[%clk 0:00:39]} Rxb5
{[%clk 0:00:49]} 28. Kh3 {[%clk 0:00:39]} Qxd5 {[%clk 0:00:48]} 29. Qf3
{[%clk 0:00:31]} Qxf3 {[%clk 0:00:47]} 30. Rxf3 {[%clk 0:00:32]} Rc8
{[%clk 0:00:48]} 31. b3 {[%clk 0:00:19]} Rc2 {[%clk 0:00:47]} 32. Rf2
{[%clk 0:00:21]} h5 {[%clk 0:00:43]} 33. Kg2 {[%clk 0:00:20]} Kg8
{[%clk 0:00:43]} 34. Kf3 {[%clk 0:00:22]} Rb2 {[%clk 0:00:42]} 35. Rg2
{[%clk 0:00:18]} Rxb3 36. Ke4 Rb2 {[%clk 0:00:42]} 37. Rc1 {[%clk 0:00:20]} Rb8
{[%clk 0:00:38]} 38. g4 {[%clk 0:00:19]} hxg4 {[%clk 0:00:36]} 39. Rxg4+
{[%clk 0:00:20]} Kh7 {[%clk 0:00:37]} 40. Bg5 {[%clk 0:00:20]} Bxg5
{[%clk 0:00:32]} 41. Rxg5 {[%clk 0:00:20]} Re2+ {[%clk 0:00:32]} 42. Kd5
{[%clk 0:00:21]} Rd8+ {[%clk 0:00:31]} 43. Kc6 {[%clk 0:00:21]} Rc8+
{[%clk 0:00:32]} 44. Kd6 {[%clk 0:00:21]} Rxc1 {[%clk 0:00:33]} 45. Ke7
{[%clk 0:00:19]} Rc7+ {[%clk 0:00:22]} 46. Kf6 {[%clk 0:00:21]} Rc6+
{[%clk 0:00:23]} 47. Kxf7 {[%clk 0:00:21]} Rf2 {[%clk 0:00:21]} 48. Rh5+
{[%clk 0:00:18]} Rh6 49. Rg5 Rxh4 {[%clk 0:00:15]} 50. f6 {[%clk 0:00:21]} Kh6
{[%clk 0:00:15]} 51. Rg8 {[%clk 0:00:21]} Rhf4 {[%clk 0:00:16]} 52. Rg6+
{[%clk 0:00:21]} Kh5 {[%clk 0:00:17]} 53. Kg7 {[%clk 0:00:21]} Rxf6
{[%clk 0:00:17]} 0-1

[Event "Blitz 2018"]
[Site "Saint-Petersburg"]
[Date "2018.12.30"]
[Round "13"]
[Board "17"]
[White "Melkumyan Hrant (ARM)"]
[Black "Paravyan David (RUS)"]
[Result "1-0"]
[LiveChessVersion "1.4.8"]
[BlackElo "2629"]
[WhiteElo "2699"]

1. d4 {[%clk 0:03:03]} Nf6 {[%clk 0:03:02]} 2. Nf3 {[%clk 0:03:04]} d5
{[%clk 0:03:03]} 3. c4 {[%clk 0:03:01]} e6 {[%clk 0:03:04]} 4. Nc3
{[%clk 0:03:02]} c6 {[%clk 0:03:05]} 5. g3 {[%clk 0:02:55]} Nbd7 {[%clk 0:03:00]}
6. Bg2 {[%clk 0:02:55]} dxc4 {[%clk 0:02:48]} 7. a4 {[%clk 0:02:53]} Be7
{[%clk 0:02:41]} 8. O-O {[%clk 0:02:52]} O-O {[%clk 0:02:41]} 9. e4
{[%clk 0:02:52]} a5 {[%clk 0:02:40]} 10. Bf4 {[%clk 0:02:46]} b6 {[%clk 0:02:32]}
11. d5 {[%clk 0:02:30]} cxd5 {[%clk 0:02:24]} 12. exd5 {[%clk 0:02:31]} exd5
{[%clk 0:01:40]} 13. Nxd5 {[%clk 0:02:32]} Nxd5 {[%clk 0:01:41]} 14. Qxd5 Ra7 15.
Rfd1 {[%clk 0:02:28]} Nc5 {[%clk 0:01:33]} 16. Qxc4 {[%clk 0:02:27]} Qe8
{[%clk 0:01:12]} 17. Nd4 {[%clk 0:02:25]} Ba6 {[%clk 0:01:09]} 18. Qc2
{[%clk 0:02:24]} Bb7 {[%clk 0:01:00]} 19. Bxb7 {[%clk 0:02:19]} Rxb7
{[%clk 0:01:02]} 20. Nf5 {[%clk 0:02:20]} g6 {[%clk 0:00:23]} 21. Nd6
{[%clk 0:02:13]} Bxd6 {[%clk 0:00:18]} 22. Bxd6 {[%clk 0:02:14]} Qe6
{[%clk 0:00:08]} 23. Bxf8 {[%clk 0:02:13]} Kxf8 {[%clk 0:00:10]} 24. Rd8+
{[%clk 0:02:10]} Kg7 {[%clk 0:00:09]} 25. Qc3+ {[%clk 0:02:11]} f6
{[%clk 0:00:10]} 26. Re1 {[%clk 0:02:10]} Qf7 {[%clk 0:00:08]} 27. Ree8
{[%clk 0:02:05]} Rc7 {[%clk 0:00:06]} 28. Qf3 {[%clk 0:01:45]} Re7
{[%clk 0:00:03]} 29. Qc6 {[%clk 0:01:21]} Rxe8 {[%clk 0:00:04]} 30. Rxe8
{[%clk 0:01:21]} h5 {[%clk 0:00:03]} 31. h4 {[%clk 0:01:16]} Nb3 {[%clk 0:00:03]}
32. Rd8 {[%clk 0:01:12]} Nc5 {[%clk 0:00:04]} 33. Qxb6 {[%clk 0:01:12]} Qe7
{[%clk 0:00:04]} 34. Qxa5 {[%clk 0:01:05]} Nb7 {[%clk 0:00:04]} 35. Qa7
{[%clk 0:01:06]} Qxd8 {[%clk 0:00:03]} 36. Qxb7+ {[%clk 0:01:06]} Kh6
{[%clk 0:00:04]} 37. Kg2 {[%clk 0:01:05]} Qa5 {[%clk 0:00:04]} 38. Qe4
{[%clk 0:01:04]} Qa6 {[%clk 0:00:03]} 39. b3 {[%clk 0:01:01]} Qa7
{[%clk 0:00:04]} 40. Qe3+ {[%clk 0:01:02]} 1-0